书目信息 |
| 题名: |
香山科学会议年报(1995--1996)
|
|
| 作者: | 周春来 主编 | |
| 分册: | ||
| 出版信息: | 北京 科学出版社 1999.03 |
|
| 页数: | 169页 | |
| 开本: | 16开 | |
| 丛书名: | ||
| 单 册: | ||
| 中图分类: | ||
| 科图分类: | ||
| 主题词: | 自然科学--学术会议 , 自然科学--专业会议 , 自然科学--国际学术会议 | |
| 电子资源: | ||
| ISBN: | 7-03-007213-8 | |
| 000 | 00703nam0 2200229 45 | |
| 001 | 9911011667 | |
| 005 | 19991101164917.9 | |
| 010 | @a7-03-007213-8@d22.00元 | |
| 100 | @a19991101d1999 km y0chiy0120 ea | |
| 101 | @achi | |
| 105 | @a z 000yy | |
| 200 | 1 | @a香山科学会议年报(1995--1996)@AXiang Shan Ke Xue Hui Yi Nian Bao(1995--1996)@f周春来,赵生才主编@FZhou Chun Lai,Zhao Sheng Cai Zhu Bian |
| 210 | @a北京@c科学出版社@d1999.03 | |
| 215 | @a169页@d16开 | |
| 606 | 0 | @a自然科学@x学术会议 |
| 606 | 0 | @a自然科学@x专业会议 |
| 606 | 0 | @a自然科学@x国际学术会议 |
| 690 | @v3 | |
| 690 | @aN272 | |
| 701 | @a周春来@4主编 | |
| 801 | @aCN@bPFTUser@c19991101 | |
| 905 | @f3@b42083-085@dN272@eZH419 | |
| 香山科学会议年报(1995--1996)/周春来,赵生才主编.-北京:科学出版社,1999.03 |
| 169页;16开 |
| ISBN 7-03-007213-8:22.00元 |
| ● |
| 相关链接 |
|
|
|
正题名:香山科学会议年报(1995--1996)
索取号:N272/ZH419
 
预约/预借
| 序号 | 登录号 | 条形码 | 馆藏地/架位号 | 状态 | 备注 |
| 1 | 42083 | 200420838 | 社科二线400B/400B社科库 3排1列1层/ [索取号:N272/ZH419] | 在馆 | |
| 2 | 42084 | 200420847 | 自科库401/ [索取号:N272/ZH419] | 在馆 | |
| 3 | 42085 | 200420856 | 社科二线400B/400B社科库 31排2列1层/ [索取号:N272/ZH419] | 在馆 |